00665nam a22001937a 4500003000400000008004100004020001800045082002000063100001700083245013200100260003200232300001600264650002000280650004400300650004600344650002200390700004200412700001700454OSt260627b |||||||| |||| 00| 0 eng d a9781119417422 a300.28555bK96I aKulas, John  aIBM SPSS Essentials: Managing and Analyzing Social Sciences Data/ by John Kulas, Renata Garcia Prieto Palacios Roji, Adam Smith aNew Jersey:bWiley, c2018. axix, 267 p. aSocial sciences aComputer applications / Data processing aStatistical data analysis and management  aIBM SPSS software aRoji, Renata Garcia Prieto Palacios  aSmith, Adam